000 00351nam a2200133Ia 4500
008 231129s9999||||xx |||||||||||||| ||spa||
020 _a84-7672-614-7
040 _bspa
082 _aF841 A643p
100 _aApollinaire Guillaume
245 0 _aPoemas selectos
264 _aEdicomunicación
942 _2ddc
_cBKS
999 _c22927
_d22927